000 00496nam a2200169 i 4500
001 37756
003 ES-MaACL
005 20250724063406.0
007 t|
008 030221s1828 fr ||||1| eng d
100 1 _aByron, George Gordon Byron,
_cBaron,
_d1788-1824
_933026
245 1 4 _aThe works of Byron, including the supressed poems.
260 _aParis :
_bA. and. W. Galignani,
_c1828.
300 _aXL, 718 p. ;
_c25 cm.
852 _aES-MaACL
_jB-4962
999 _c37756
_d37756